000 00777nam a2200289Ia 4500
005 20260324115009.0
008 008 260324s9999 xx 000 0 eng d
020 _a9781003443162
037 _aEBOOK
040 _aCRL
040 _beng
040 _cCRL
041 _2eng
041 _aeng
084 _qCRL
100 _aCia Verschelden; Kofi Lomotey
_91152969
245 0 _aBandwidth Recovery For Schools
245 0 _bHelping Pre-K-12 Students Regain Cognitive Resources Lost to Poverty, Trauma, Racism, and Social Marginalization
260 _bTaylor and Francis
260 _c2020
365 _a
365 _b230
856 _uhttp://www.taylorfrancis.com/books/9781003443162
942 _cEBOOK
999 _c1743503
_d1743503